000 00651nam a2200181 i 4500
001 146328
003 ES-MaACL
005 20230906201509.0
007 t|
008 070906s1972 sp ||||1| spa d
080 _a330.07(46)
100 1 _aTrías Fargas, Ramón.
_9111378
245 1 4 _aLas condiciones de trabajo de los economistas españoles
_b: el empleo y la remuneración de los licenciados en ciencias económicas /
_cRamón Trías Fargas, Pedro Puig Bastard.
260 _aBarcelona :
_bJaime Libros,
_c[1972]
300 _a291 p. con 1 gráf. ;
_c24 cm.
700 1 _aPuig Bastard, Pedro.
_994252
852 _aES-MaACL
_jC-42599
_bR.81793
999 _c146328
_d146328